[Event "World Chess Olympiad 2018"]
[Site "Batumi"]
[Date "2018.09.24"]
[Round "1"]
[Board "4"]
[WhiteFideId "14800276"]
[White "Chunguane Ilidio Alberto"]
[BlackFideId "11601426"]
[Black "Bernotas Arturs"]
[Result "1/2-1/2"]
[LiveChessVersion "1.4.8"]
[BlackElo "2408"]
[WhiteElo "2054"]

1. d4 {[%clk 1:30:46]} Nf6 {[%clk 1:30:46]} 2. c4 {[%clk 1:30:34]} e6
{[%clk 1:30:59]} 3. Nc3 {[%clk 1:30:12]} Bb4 {[%clk 1:31:04]} 4. Qb3
{[%clk 1:28:17]} c5 {[%clk 1:26:03]} 5. Nf3 {[%clk 1:24:50]} Nc6 {[%clk 1:12:33]}
6. e3 {[%clk 1:23:10]} O-O {[%clk 1:03:04]} 7. Be2 {[%clk 1:20:09]} d5
{[%clk 0:50:56]} 8. a3 {[%clk 1:10:00]} Bxc3+ {[%clk 0:46:45]} 9. bxc3
{[%clk 1:08:38]} Na5 {[%clk 0:45:19]} 10. Qa2 {[%clk 1:05:32]} dxc4
{[%clk 0:41:15]} 11. Bxc4 {[%clk 1:04:03]} Qc7 {[%clk 0:30:48]} 12. Be2
{[%clk 1:02:46]} b6 {[%clk 0:30:44]} 13. O-O {[%clk 1:01:12]} Bb7
{[%clk 0:31:07]} 14. h3 {[%clk 0:50:55]} Rac8 {[%clk 0:27:46]} 15. Bd2
{[%clk 0:40:37]} cxd4 {[%clk 0:21:09]} 16. cxd4 {[%clk 0:38:41]} Bd5
{[%clk 0:21:13]} 17. Qb2 {[%clk 0:35:23]} Nb3 {[%clk 0:20:37]} 18. Rab1
{[%clk 0:33:41]} Ne4 {[%clk 0:08:14]} 19. Bb4 {[%clk 0:30:38]} Rfd8
{[%clk 0:08:34]} 20. Ba6 {[%clk 0:30:21]} Rb8 {[%clk 0:08:35]} 21. a4
{[%clk 0:29:32]} f6 {[%clk 0:04:38]} 22. Qa3 {[%clk 0:28:09]} Na5
{[%clk 0:04:00]} 23. Rfc1 {[%clk 0:24:32]} Qf7 {[%clk 0:04:17]} 24. Rb2
{[%clk 0:15:59]} Qg6 {[%clk 0:03:02]} 25. Ne1 {[%clk 0:14:34]} Nc6
{[%clk 0:01:49]} 26. Rbc2 {[%clk 0:14:05]} Nxb4 {[%clk 0:01:51]} 27. Qxb4
{[%clk 0:14:33]} Qf7 {[%clk 0:01:12]} 28. Rc7 {[%clk 0:14:25]} Qf8
{[%clk 0:00:58]} 29. Qxf8+ {[%clk 0:11:59]} Rxf8 {[%clk 0:01:26]} 30. Rxa7
{[%clk 0:11:24]} Ra8 {[%clk 0:01:19]} 31. Rcc7 {[%clk 0:10:09]} Rxa7
{[%clk 0:01:18]} 32. Rxa7 {[%clk 0:10:37]} Nc3 {[%clk 0:01:28]} 33. Bd3
{[%clk 0:08:34]} Ra8 {[%clk 0:01:17]} 34. Rxa8+ {[%clk 0:08:37]} Bxa8
{[%clk 0:01:45]} 35. Bb5 {[%clk 0:08:05]} Bd5 {[%clk 0:02:07]} 36. Nc2
{[%clk 0:06:15]} Bb3 {[%clk 0:02:02]} 37. Na3 {[%clk 0:06:02]} Bxa4
{[%clk 0:01:42]} 38. Bxa4 {[%clk 0:06:08]} Nxa4 {[%clk 0:02:09]} 39. Kf1
{[%clk 0:06:24]} Nc3 {[%clk 0:02:10]} 40. Ke1 {[%clk 0:36:36]} b5
{[%clk 0:30:51]} 41. Nc2 {[%clk 0:36:49]} Kf7 {[%clk 0:26:23]} 42. f3
{[%clk 0:37:05]} f5 {[%clk 0:18:51]} 43. Nb4 {[%clk 0:33:57]} Kf6
{[%clk 0:15:45]} 44. Kd2 {[%clk 0:33:38]} Na4 {[%clk 0:15:53]} 45. Nc6
{[%clk 0:29:15]} Nb6 {[%clk 0:15:13]} 46. e4 {[%clk 0:28:24]} Nc4+
{[%clk 0:14:48]} 47. Kd3 {[%clk 0:27:27]} f4 {[%clk 0:12:26]} 48. Na7
{[%clk 0:25:40]} Ne3 {[%clk 0:12:07]} 49. g3 {[%clk 0:25:55]} Ng2
{[%clk 0:09:32]} 50. gxf4 {[%clk 0:22:45]} b4 {[%clk 0:07:01]} 51. Nc6
{[%clk 0:20:47]} Nxf4+ {[%clk 0:06:48]} 52. Kc4 {[%clk 0:11:37]} Nxh3
{[%clk 0:07:04]} 53. Kxb4 {[%clk 0:11:58]} h5 {[%clk 0:05:32]} 54. Ne5
{[%clk 0:08:43]} Nf2 {[%clk 0:04:09]} 55. Nc4 {[%clk 0:07:39]} h4
{[%clk 0:03:01]} 56. Ne3 {[%clk 0:08:01]} h3 {[%clk 0:02:02]} 57. Nf1
{[%clk 0:08:25]} Kg5 {[%clk 0:02:06]} 58. d5 {[%clk 0:06:55]} exd5
{[%clk 0:02:21]} 59. exd5 {[%clk 0:07:24]} Kf4 {[%clk 0:02:16]} 60. d6
{[%clk 0:05:14]} Nd3+ {[%clk 0:02:27]} 61. Kc4 {[%clk 0:05:09]} Ne5+
{[%clk 0:02:41]} 62. Kd5 {[%clk 0:04:51]} Nf7 {[%clk 0:02:14]} 63. d7
{[%clk 0:03:47]} Kxf3 {[%clk 0:02:16]} 64. Ke6 {[%clk 0:03:46]} Nd8+
{[%clk 0:02:33]} 65. Kf5 {[%clk 0:03:22]} Kf2 {[%clk 0:02:08]} 66. Nh2
{[%clk 0:02:39]} Kg3 {[%clk 0:01:47]} 67. Nf1+ {[%clk 0:02:44]} Kf2
{[%clk 0:02:01]} 68. Nh2 {[%clk 0:03:13]} Kg2 {[%clk 0:02:21]} 69. Ng4
{[%clk 0:03:37]} Kg3 {[%clk 0:02:27]} 70. Ne3 {[%clk 0:03:10]} Kh4
{[%clk 0:02:31]} 71. Ng4 {[%clk 0:01:42]} g5 {[%clk 0:00:51]} 72. Nh2
{[%clk 0:01:12]} Kg3 {[%clk 0:01:13]} 73. Nf1+ {[%clk 0:01:37]} Kg2
{[%clk 0:00:43]} 74. Ne3+ {[%clk 0:02:02]} Kf3 {[%clk 0:00:40]} 75. Ng4
{[%clk 0:02:24]} Kg3 {[%clk 0:00:41]} 76. Ne3 {[%clk 0:02:46]} Kh4
{[%clk 0:00:51]} 77. Ng4 {[%clk 0:02:34]} Nf7 {[%clk 0:01:02]} 78. Nh2
{[%clk 0:01:49]} Kg3 {[%clk 0:01:04]} 79. Nf1+ {[%clk 0:01:54]} Kg2
{[%clk 0:01:03]} 80. Ne3+ {[%clk 0:02:16]} Kf2 {[%clk 0:00:56]} 81. Ng4+
{[%clk 0:02:30]} Kg3 {[%clk 0:01:07]} 82. Ne3 {[%clk 0:02:49]} Kh4
{[%clk 0:00:59]} 83. Ng4 {[%clk 0:03:10]} Nd6+ {[%clk 0:01:13]} 84. Ke6
{[%clk 0:02:18]} Nb7 {[%clk 0:01:23]} 85. Kf5 {[%clk 0:02:30]} Nd8
{[%clk 0:01:02]} 86. Nh2 {[%clk 0:02:31]} Kg3 {[%clk 0:00:52]} 87. Nf1+
{[%clk 0:02:37]} Kf2 {[%clk 0:00:47]} 88. Nh2 {[%clk 0:02:36]} Kg3
{[%clk 0:00:55]} 89. Nf1+ {[%clk 0:02:37]} Kf2 1/2-1/2

[Event "World Chess Olympiad 2018"]
[Site "Batumi"]
[Date "2018.09.24"]
[Round "1"]
[Board "1"]
[WhiteFideId "6200176"]
[White "Teerapabpaisit Wisuwat"]
[BlackFideId "1710400"]
[Black "Grandelius Nils"]
[Result "0-1"]
[LiveChessVersion "1.4.8"]
[BlackElo "2655"]
[WhiteElo "2154"]

1. e4 {[%clk 1:30:58]} c6 {[%clk 1:30:32]} 2. d4 {[%clk 1:30:08]} d5
{[%clk 1:30:52]} 3. Nc3 {[%clk 1:29:56]} dxe4 {[%clk 1:31:09]} 4. Nxe4
{[%clk 1:30:22]} Nf6 {[%clk 1:30:56]} 5. Nxf6+ {[%clk 1:27:30]} exf6
{[%clk 1:31:13]} 6. Bf4 {[%clk 1:25:02]} Qb6 {[%clk 1:22:33]} 7. Bc4
{[%clk 1:14:20]} Qb4+ {[%clk 1:22:03]} 8. Qd2 {[%clk 1:14:29]} Qxc4
{[%clk 1:22:25]} 9. Ne2 {[%clk 1:12:58]} Be7 {[%clk 1:21:04]} 10. O-O
{[%clk 1:13:14]} O-O {[%clk 1:21:26]} 11. Rfe1 {[%clk 1:13:21]} Be6
{[%clk 1:21:45]} 12. b3 {[%clk 1:13:37]} Qb4 {[%clk 1:22:00]} 13. c3
{[%clk 1:13:26]} Qa5 {[%clk 1:21:56]} 14. Qe3 {[%clk 1:12:30]} Nd7
{[%clk 1:20:50]} 15. Qg3 {[%clk 1:12:26]} Rfe8 {[%clk 1:20:11]} 16. h4
{[%clk 1:12:28]} Bf8 {[%clk 1:18:09]} 17. Bc7 Nb6 {[%clk 1:16:37]} 18. c4
{[%clk 1:03:42]} Qf5 {[%clk 1:16:20]} 19. Qc3 {[%clk 1:01:37]} Bd7
{[%clk 1:15:02]} 20. f3 {[%clk 0:59:05]} Qh5 {[%clk 1:11:30]} 21. g3
{[%clk 0:52:08]} Rac8 {[%clk 1:10:32]} 22. Bf4 {[%clk 0:50:58]} h6
{[%clk 1:10:05]} 23. Kf2 {[%clk 0:50:03]} g5 {[%clk 1:06:19]} 24. g4
{[%clk 0:50:14]} Qg6 {[%clk 1:06:36]} 25. Bd2 {[%clk 0:44:25]} c5
{[%clk 1:03:16]} 26. d5 {[%clk 0:40:50]} Bd6 {[%clk 1:03:22]} 27. Rad1
{[%clk 0:40:55]} Re7 {[%clk 1:00:29]} 28. h5 {[%clk 0:39:39]} Qg7
{[%clk 1:00:05]} 29. Ng3 {[%clk 0:39:50]} Rce8 {[%clk 0:55:08]} 30. Rxe7
{[%clk 0:37:53]} Rxe7 {[%clk 0:53:07]} 31. Ne4 {[%clk 0:35:54]} Be5
{[%clk 0:52:16]} 32. Qa5 {[%clk 0:36:12]} f5 {[%clk 0:52:10]} 33. gxf5
{[%clk 0:34:40]} Bxf5 {[%clk 0:52:22]} 34. Be3 {[%clk 0:33:47]} Bxe4
{[%clk 0:51:34]} 35. fxe4 {[%clk 0:28:35]} Qf6+ {[%clk 0:51:42]} 36. Kg2
{[%clk 0:28:29]} g4 {[%clk 0:51:56]} 37. Rf1 {[%clk 0:28:03]} Qh4
{[%clk 0:52:19]} 0-1

[Event "World Chess Olympiad 2018"]
[Site "Batumi"]
[Date "2018.09.24"]
[Round "1"]
[Board "2"]
[WhiteFideId "1706446"]
[White "Tikkanen Hans"]
[BlackFideId "6200184"]
[Black "Saeheng Boonsueb"]
[Result "1-0"]
[LiveChessVersion "1.4.8"]
[BlackElo "2163"]
[WhiteElo "2520"]

1. d4 {[%clk 1:30:55]} f5 {[%clk 1:30:47]} 2. Bg5 {[%clk 1:31:04]} g6
{[%clk 1:30:58]} 3. Nc3 {[%clk 1:30:02]} Bg7 {[%clk 1:29:05]} 4. h4
{[%clk 1:28:52]} d6 {[%clk 1:23:48]} 5. e4 {[%clk 1:18:54]} h6 {[%clk 1:19:46]}
6. Be3 {[%clk 1:18:15]} Nf6 {[%clk 1:05:30]} 7. exf5 {[%clk 1:00:57]} gxf5
{[%clk 0:58:53]} 8. Bc4 {[%clk 0:54:30]} e6 {[%clk 0:51:08]} 9. Nh3
{[%clk 0:53:27]} O-O {[%clk 0:41:44]} 10. Qd2 {[%clk 0:50:27]} d5
{[%clk 0:30:32]} 11. Bb3 {[%clk 0:46:21]} Kh7 {[%clk 0:30:02]} 12. f3
{[%clk 0:41:45]} c5 {[%clk 0:25:47]} 13. dxc5 {[%clk 0:41:50]} Nc6
{[%clk 0:26:07]} 14. Ne2 {[%clk 0:36:41]} e5 {[%clk 0:22:05]} 15. c3
{[%clk 0:33:39]} Na5 {[%clk 0:20:26]} 16. O-O-O {[%clk 0:31:32]} Nxb3+
{[%clk 0:20:28]} 17. axb3 {[%clk 0:31:55]} a5 {[%clk 0:20:15]} 18. f4
{[%clk 0:24:38]} e4 {[%clk 0:18:58]} 19. Bd4 {[%clk 0:22:55]} Qe8
{[%clk 0:14:52]} 20. Ng5+ {[%clk 0:12:10]} Kg8 {[%clk 0:07:10]} 21. Bxf6
{[%clk 0:12:19]} Rxf6 {[%clk 0:05:36]} 22. Qxd5+ {[%clk 0:12:34]} Kh8
{[%clk 0:06:00]} 23. Nd4 {[%clk 0:01:37]} a4 {[%clk 0:04:13]} 24. b4
{[%clk 0:01:08]} a3 {[%clk 0:04:23]} 25. b3 {[%clk 0:00:51]} e3 {[%clk 0:02:10]}
26. Rde1 {[%clk 0:00:38]} Bd7 {[%clk 0:01:59]} 27. Kb1 {[%clk 0:00:36]} a2+
{[%clk 0:02:12]} 28. Ka1 {[%clk 0:00:43]} b6 {[%clk 0:01:49]} 29. Rh3
{[%clk 0:00:35]} Bc6 {[%clk 0:00:53]} 30. Qc4 {[%clk 0:00:35]} bxc5
{[%clk 0:00:38]} 31. bxc5 {[%clk 0:00:54]} Bxg2 {[%clk 0:00:56]} 32. Rhxe3
{[%clk 0:01:03]} Qg8 {[%clk 0:00:45]} 33. Qxg8+ {[%clk 0:01:10]} Rxg8
{[%clk 0:00:57]} 34. Nge6 {[%clk 0:01:11]} Be4 {[%clk 0:00:42]} 35. Kxa2
{[%clk 0:00:54]} 1-0

[Event "World Chess Olympiad 2018"]
[Site "Batumi"]
[Date "2018.09.24"]
[Round "1"]
[Board "3"]
[WhiteFideId "6204422"]
[White "Prasitsoonthorn Teerachoti"]
[BlackFideId "1709437"]
[Black "Blomqvist Erik"]
[Result "0-1"]
[LiveChessVersion "1.4.8"]
[BlackElo "2499"]
[WhiteElo "1830"]

1. e4 {[%clk 1:30:45]} c5 {[%clk 1:30:52]} 2. Nf3 {[%clk 1:31:11]} e6
{[%clk 1:31:00]} 3. d4 {[%clk 1:31:36]} cxd4 {[%clk 1:31:22]} 4. Nxd4
{[%clk 1:32:00]} Nc6 {[%clk 1:31:42]} 5. Nc3 {[%clk 1:32:06]} a6 {[%clk 1:31:34]}
6. Be2 {[%clk 1:32:22]} Qc7 {[%clk 1:27:40]} 7. O-O {[%clk 1:32:08]} Nf6
{[%clk 1:27:34]} 8. Be3 {[%clk 1:32:31]} Be7 {[%clk 1:26:50]} 9. f4
{[%clk 1:32:20]} d6 {[%clk 1:27:12]} 10. Kh1 {[%clk 1:31:59]} O-O
{[%clk 1:27:26]} 11. Bf3 {[%clk 1:32:16]} Bd7 {[%clk 1:15:57]} 12. a4
{[%clk 1:31:09]} Na5 {[%clk 1:13:17]} 13. Qe1 {[%clk 1:16:29]} Nc4
{[%clk 1:11:23]} 14. b3 {[%clk 1:08:39]} Nxe3 {[%clk 1:11:30]} 15. Qxe3
{[%clk 1:09:08]} Rac8 {[%clk 1:09:48]} 16. Nce2 {[%clk 1:07:40]} e5
{[%clk 1:04:08]} 17. Nf5 {[%clk 1:04:15]} Bxf5 {[%clk 1:04:11]} 18. exf5
{[%clk 1:04:41]} Rfe8 {[%clk 1:00:50]} 19. Ng3 {[%clk 0:46:43]} e4
{[%clk 0:52:27]} 20. Bxe4 {[%clk 0:26:26]} Nxe4 {[%clk 0:43:31]} 21. Nxe4
{[%clk 0:26:53]} d5 {[%clk 0:43:16]} 22. f6 {[%clk 0:26:51]} Bf8 {[%clk 0:42:41]}
23. Qg3 {[%clk 0:16:02]} dxe4 {[%clk 0:41:11]} 24. Qg4 {[%clk 0:10:46]} Qxc2
{[%clk 0:38:26]} 25. f5 {[%clk 0:10:08]} e3 {[%clk 0:31:43]} 26. fxg7
{[%clk 0:08:27]} Bd6 {[%clk 0:31:17]} 27. Rae1 {[%clk 0:05:14]} e2
{[%clk 0:31:12]} 28. Rf2 {[%clk 0:04:34]} Qc1 {[%clk 0:30:48]} 0-1

[Event "World Chess Olympiad 2018"]
[Site "Batumi"]
[Date "2018.09.24"]
[Round "1"]
[Board "4"]
[WhiteFideId "1701754"]
[White "Westerberg Jonathan"]
[BlackFideId "6202268"]
[Black "Pheephacharakan Pinatpong"]
[Result "1-0"]
[LiveChessVersion "1.4.8"]
[BlackElo "1836"]
[WhiteElo "2504"]

1. e4 {[%clk 1:30:45]} e6 {[%clk 1:30:46]} 2. d4 {[%clk 1:30:53]} d5
{[%clk 1:30:44]} 3. Bd3 {[%clk 1:30:49]} c5 {[%clk 1:29:54]} 4. exd5
{[%clk 1:31:08]} exd5 {[%clk 1:30:09]} 5. dxc5 {[%clk 1:28:13]} Bxc5
{[%clk 1:27:16]} 6. Nf3 {[%clk 1:28:34]} Nc6 {[%clk 1:21:50]} 7. O-O
{[%clk 1:24:50]} Nge7 {[%clk 1:16:41]} 8. Nc3 {[%clk 1:22:05]} Bg4
{[%clk 1:14:21]} 9. h3 {[%clk 1:20:44]} Bh5 {[%clk 1:11:02]} 10. Re1
{[%clk 1:19:53]} Qd7 {[%clk 0:54:43]} 11. Bf4 {[%clk 1:12:46]} a6
{[%clk 0:26:01]} 12. Bh2 {[%clk 0:45:02]} Rd8 {[%clk 0:20:29]} 13. a3
{[%clk 0:38:04]} f6 {[%clk 0:19:01]} 14. Be2 {[%clk 0:24:45]} O-O
{[%clk 0:15:36]} 15. b4 {[%clk 0:22:09]} Nxb4 {[%clk 0:09:37]} 16. axb4
{[%clk 0:16:01]} Bxb4 {[%clk 0:09:58]} 17. Nd4 {[%clk 0:13:16]} Bf7
{[%clk 0:07:01]} 18. Na4 {[%clk 0:12:21]} Bxe1 {[%clk 0:06:38]} 19. Qxe1
{[%clk 0:12:25]} Nc6 {[%clk 0:05:47]} 20. Bg4 {[%clk 0:10:08]} Qe8
{[%clk 0:02:45]} 21. Ne6 {[%clk 0:04:16]} Bxe6 {[%clk 0:01:58]} 22. Qxe6+
{[%clk 0:04:37]} Qf7 {[%clk 0:00:53]} 23. Qxf7+ {[%clk 0:04:02]} Kxf7
{[%clk 0:01:17]} 24. Nc5 {[%clk 0:04:24]} Nd4 {[%clk 0:00:36]} 25. Nxb7
{[%clk 0:04:01]} Ra8 {[%clk 0:00:45]} 26. Rd1 {[%clk 0:02:12]} f5
{[%clk 0:00:44]} 27. Bh5+ {[%clk 0:02:28]} g6 {[%clk 0:01:07]} 28. Rxd4
{[%clk 0:02:53]} gxh5 {[%clk 0:00:52]} 29. Rxd5 {[%clk 0:03:08]} Kg6
{[%clk 0:00:54]} 30. Be5 {[%clk 0:01:49]} Rfe8 {[%clk 0:00:35]} 31. f4
{[%clk 0:02:07]} Re7 {[%clk 0:00:39]} 32. Rd6+ {[%clk 0:02:12]} Kf7
{[%clk 0:01:04]} 33. Rf6+ {[%clk 0:02:01]} Kg8 {[%clk 0:00:52]} 34. Nd6
{[%clk 0:02:28]} Rf8 {[%clk 0:00:42]} 35. Nxf5 {[%clk 0:02:41]} 1-0

[Event "World Chess Olympiad 2018"]
[Site "Batumi"]
[Date "2018.09.24"]
[Round "1"]
[Board "1"]
[WhiteFideId "3507416"]
[White "Bacallao Alonso Yusnel"]
[BlackFideId "5901871"]
[Black "Michaelides Konstantinos"]
[Result "1-0"]
[LiveChessVersion "1.4.8"]
[BlackElo "2209"]
[WhiteElo "2588"]

1. e4 {[%clk 1:30:56]} c5 {[%clk 1:24:24]} 2. Nf3 {[%clk 1:31:18]} d6
{[%clk 1:24:13]} 3. Bb5+ {[%clk 1:31:27]} Nd7 {[%clk 1:23:52]} 4. O-O
{[%clk 1:31:42]} a6 {[%clk 1:23:12]} 5. Bd3 {[%clk 1:31:37]} b5 {[%clk 1:22:12]}
6. Re1 {[%clk 1:30:34]} Ngf6 {[%clk 1:21:16]} 7. c4 {[%clk 1:29:54]} b4
{[%clk 1:16:08]} 8. a3 {[%clk 1:25:22]} Bb7 {[%clk 1:11:52]} 9. axb4
{[%clk 1:18:31]} cxb4 {[%clk 1:12:17]} 10. Bc2 {[%clk 1:18:36]} Rc8
{[%clk 1:07:43]} 11. d4 {[%clk 1:09:39]} e5 {[%clk 1:04:51]} 12. Ba4
{[%clk 1:07:09]} Qc7 {[%clk 0:59:00]} 13. Bg5 {[%clk 1:02:22]} Be7
{[%clk 0:54:34]} 14. dxe5 {[%clk 1:01:03]} dxe5 {[%clk 0:40:44]} 15. Nxe5
{[%clk 1:00:30]} Qxe5 {[%clk 0:35:42]} 16. Bxf6 {[%clk 1:00:53]} gxf6
{[%clk 0:32:19]} 17. Qxd7+ {[%clk 0:57:15]} Kf8 {[%clk 0:32:46]} 18. Qxb7
{[%clk 0:57:19]} Rb8 {[%clk 0:32:28]} 19. Qd5 {[%clk 0:56:59]} Qxb2
{[%clk 0:29:20]} 20. Nd2 {[%clk 0:51:20]} Rd8 {[%clk 0:28:44]} 21. Bd7
{[%clk 0:51:31]} Qe5 {[%clk 0:24:50]} 22. c5 {[%clk 0:50:56]} Qxd5
{[%clk 0:17:47]} 23. exd5 {[%clk 0:50:20]} Rxd7 {[%clk 0:18:11]} 24. d6
{[%clk 0:50:42]} Bxd6 {[%clk 0:18:21]} 25. cxd6 {[%clk 0:51:06]} Rxd6
{[%clk 0:18:48]} 26. Nc4 {[%clk 0:51:22]} Rc6 {[%clk 0:18:04]} 27. Ne3
{[%clk 0:51:44]} Rg8 {[%clk 0:10:20]} 28. Reb1 {[%clk 0:49:13]} Rg5
{[%clk 0:07:38]} 29. Rxb4 {[%clk 0:49:31]} a5 {[%clk 0:05:02]} 30. Rb8+
{[%clk 0:49:26]} Ke7 {[%clk 0:04:33]} 31. Ra8 {[%clk 0:48:41]} Rcc5
{[%clk 0:04:12]} 32. f4 {[%clk 0:48:41]} Rh5 {[%clk 0:04:07]} 33. g4
{[%clk 0:48:41]} Rh3 {[%clk 0:04:10]} 34. Ra3 {[%clk 0:48:49]} Kd7
{[%clk 0:02:33]} 35. Kg2 {[%clk 0:49:11]} Rh6 {[%clk 0:02:30]} 36. R8xa5
{[%clk 0:48:04]} Rc1 {[%clk 0:01:33]} 37. Rd3+ {[%clk 0:46:39]} Kc7
{[%clk 0:00:34]} 38. Nd5+ {[%clk 0:44:59]} Kb7 {[%clk 0:00:32]} 39. Rb3+
{[%clk 0:44:04]} Kc8 {[%clk 0:00:34]} 40. Ne7+ {[%clk 1:12:43]} Kd8
{[%clk 0:30:44]} 41. Ra7 {[%clk 1:12:11]} Rc2+ {[%clk 0:30:49]} 42. Kg3
{[%clk 1:12:20]} Rc7 {[%clk 0:30:31]} 43. Rd3+ {[%clk 1:11:54]} 1-0

[Event "World Chess Olympiad 2018"]
[Site "Batumi"]
[Date "2018.09.24"]
[Round "1"]
[Board "2"]
[WhiteFideId "5900328"]
[White "Constantinou Pavlos"]
[BlackFideId "3507165"]
[Black "Ortiz Suarez Isan Reynaldo"]
[Result "0-1"]
[LiveChessVersion "1.4.8"]
[BlackElo "2527"]
[WhiteElo "2114"]

1. e4 {[%clk 1:23:50]} c5 {[%clk 1:30:53]} 2. Nf3 {[%clk 1:23:43]} d6
{[%clk 1:31:10]} 3. Bb5+ {[%clk 1:24:08]} Nd7 {[%clk 1:31:32]} 4. O-O
{[%clk 1:24:34]} a6 {[%clk 1:31:56]} 5. Bd3 {[%clk 1:25:01]} Ngf6
{[%clk 1:32:14]} 6. c3 {[%clk 1:25:10]} e6 {[%clk 1:32:10]} 7. Re1
{[%clk 1:24:50]} Be7 {[%clk 1:32:30]} 8. Bc2 {[%clk 1:24:31]} b5 {[%clk 1:32:26]}
9. d4 {[%clk 1:24:39]} Bb7 {[%clk 1:32:40]} 10. Nbd2 {[%clk 1:23:20]} Qc7
{[%clk 1:30:33]} 11. Nf1 {[%clk 1:22:21]} O-O {[%clk 1:30:55]} 12. Qe2
{[%clk 1:21:12]} Rfc8 {[%clk 1:30:02]} 13. Bd3 {[%clk 1:18:04]} Bf8
{[%clk 1:29:07]} 14. h3 {[%clk 1:13:57]} c4 {[%clk 1:27:16]} 15. Bc2
{[%clk 1:14:02]} e5 {[%clk 1:27:41]} 16. a4 {[%clk 1:07:21]} g6 {[%clk 1:26:47]}
17. Ng3 {[%clk 1:04:09]} Bg7 {[%clk 1:25:29]} 18. Be3 {[%clk 1:03:02]} Re8
{[%clk 1:16:55]} 19. Qd2 {[%clk 0:53:48]} d5 {[%clk 1:03:44]} 20. dxe5
{[%clk 0:51:16]} Nxe4 {[%clk 1:03:26]} 21. Nxe4 {[%clk 0:47:10]} dxe4
{[%clk 1:03:07]} 22. Nd4 {[%clk 0:39:03]} Nxe5 {[%clk 0:59:25]} 23. axb5
{[%clk 0:36:39]} Nd3 {[%clk 0:56:09]} 24. Bxd3 {[%clk 0:36:00]} exd3
{[%clk 0:53:56]} 25. bxa6 {[%clk 0:33:20]} Rxa6 {[%clk 0:53:06]} 26. Rxa6
{[%clk 0:25:18]} Bxa6 {[%clk 0:53:31]} 27. Ra1 {[%clk 0:24:27]} Bb7
{[%clk 0:52:37]} 28. Qd1 {[%clk 0:17:11]} h6 {[%clk 0:45:49]} 29. Qd2
{[%clk 0:09:01]} Kh7 {[%clk 0:45:41]} 30. Re1 {[%clk 0:03:34]} Bd5
{[%clk 0:44:53]} 31. f4 {[%clk 0:01:43]} f5 {[%clk 0:44:47]} 32. Bf2
{[%clk 0:00:47]} Rxe1+ {[%clk 0:38:53]} 33. Bxe1 {[%clk 0:01:11]} Qa7
{[%clk 0:35:58]} 34. Bf2 {[%clk 0:01:27]} Qa1+ {[%clk 0:36:15]} 35. Kh2
{[%clk 0:01:04]} Qf1 {[%clk 0:36:33]} 36. Be3 {[%clk 0:01:17]} Bf6
{[%clk 0:36:08]} 37. Bg1 {[%clk 0:00:35]} Bh4 {[%clk 0:36:06]} 38. Kh1
{[%clk 0:00:49]} Be1 {[%clk 0:36:20]} 0-1

[Event "World Chess Olympiad 2018"]
[Site "Batumi"]
[Date "2018.09.24"]
[Round "1"]
[Board "3"]
[WhiteFideId "3503313"]
[White "Almeida Quintana Omar"]
[BlackFideId "5900077"]
[Black "Savva Panikos"]
[Result "1-0"]
[LiveChessVersion "1.4.8"]
[BlackElo "2062"]
[WhiteElo "2540"]

1. d4 {[%clk 1:30:57]} Nf6 {[%clk 1:24:23]} 2. c4 {[%clk 1:31:06]} g6
{[%clk 1:24:37]} 3. Nc3 {[%clk 1:31:23]} d5 {[%clk 1:24:55]} 4. Bg5
{[%clk 1:30:27]} Ne4 {[%clk 1:23:18]} 5. Bh4 {[%clk 1:30:40]} Nxc3
{[%clk 1:22:17]} 6. bxc3 {[%clk 1:31:01]} Bg7 {[%clk 1:21:43]} 7. e3
{[%clk 1:30:03]} c6 {[%clk 1:16:32]} 8. Nf3 {[%clk 1:29:21]} O-O {[%clk 1:16:40]}
9. Qb3 {[%clk 1:29:24]} dxc4 {[%clk 1:04:53]} 10. Bxc4 {[%clk 1:29:45]} Qc7
{[%clk 1:03:12]} 11. Bg3 {[%clk 1:25:09]} Qd8 {[%clk 0:58:54]} 12. h4
{[%clk 1:20:53]} h5 {[%clk 0:52:23]} 13. Ne5 {[%clk 1:17:58]} e6 {[%clk 0:52:05]}
14. a4 {[%clk 0:54:00]} Qe7 {[%clk 0:42:37]} 15. Bd3 {[%clk 0:48:51]} Nd7
{[%clk 0:41:45]} 16. Nc4 {[%clk 0:48:33]} e5 {[%clk 0:33:43]} 17. O-O
{[%clk 0:47:31]} Kh7 {[%clk 0:30:45]} 18. Qa3 {[%clk 0:38:22]} Qxa3
{[%clk 0:19:44]} 19. Rxa3 {[%clk 0:38:38]} f6 {[%clk 0:17:20]} 20. Rb1
{[%clk 0:36:48]} Rd8 {[%clk 0:14:12]} 21. Be2 {[%clk 0:35:04]} Bf8
{[%clk 0:08:54]} 22. Ra2 {[%clk 0:34:09]} Re8 {[%clk 0:07:46]} 23. a5
{[%clk 0:34:17]} Kg7 {[%clk 0:04:35]} 24. Bf3 {[%clk 0:34:03]} e4
{[%clk 0:03:56]} 25. Bd1 {[%clk 0:33:37]} Nb8 {[%clk 0:02:28]} 26. Rab2
{[%clk 0:33:39]} Na6 {[%clk 0:01:53]} 27. Be2 {[%clk 0:31:16]} Rd8
{[%clk 0:01:41]} 28. Nd2 {[%clk 0:31:21]} Re8 {[%clk 0:00:42]} 29. Rxb7+
{[%clk 0:31:30]} 1-0